LEADER 01339nam a2200301 i 4500 001 991001080199707536 005 20020502183317.0 008 990104s1989 it ||| | ita 020 $a8878600210 035 $ab11460878-39ule_inst 035 $aPRUMB54586$9ExL 040 $aDip. SSSC$bita 082 0 $a336.3435091724 100 1 $aColombatto, Enrico$0120583 245 12$aI diversi Sud dell'economia mondiale :$bclassificazione, indebitamento e prospettive commerciali dei paesi in via di sviluppo /$cdi Enrico Colombatto, Andrea Beltratti, Eva Bocchiola ; con un saggio di Rudiger Dornbusch ; introduzione di Umberto Agnelli 260 $aTorino :$bEdizioni della Fondazione Giovanni Agnelli,$c1989 300 $aXVI, 275 p. ;$c21 cm. 650 4$aDebito estero - Paesi in via di sviluppo 650 4$aPaesi in via di sviluppo - Commercio estero 700 1 $aBeltratti, Andrea$eauthor$4http://id.loc.gov/vocabulary/relators/aut$0115285 700 1 $aBocchiola, Eva 700 1 $aDornbusch, Rudiger 907 $a.b11460878$b21-09-06$c01-07-02 912 $a991001080199707536 945 $aLE021 NHE17$g1$i2021000024252$lle021$o-$pE0.00$q-$rl$s- $t0$u0$v0$w0$x0$y.i11648818$z01-07-02 996 $aDiversi Sud dell'economia mondiale$91445738 997 $aUNISALENTO 998 $ale021$b01-01-99$cm$da $e-$fita$git $h2$i1 LEADER 05945 am 2201441 n 450 001 9910682577503321 005 20230207 010 $a2-35596-074-7 024 7 $a10.4000/books.irasec.6227 035 $a(CKB)5670000000618801 035 $a(FrMaCLE)OB-irasec-6227 035 $a(PPN)269166343 035 $a(EXLCZ)995670000000618801 100 $a20230327j|||||||| ||| 0 101 0 $afre 135 $auu||||||m|||| 200 12$aL?Asie du Sud-Est 2023 : bilan, enjeux et perspectives /$fGabriel Facal, Jérôme Samuel 210 $aBangkok $cInstitut de recherche sur l?Asie du Sud-Est contemporaine$d2023 215 $a1 online resource (460 p.) 330 $aChaque année, l?Institut de recherche sur l?Asie du Sud-Est contemporaine (IRASEC), basé à Bangkok, mobilise une vingtaine de chercheurs et d?experts pour mieux comprendre l?actualité régionale de ce carrefour économique, culturel et religieux, au c?ur de l?Indo-Pacifique. Cette collection permet de suivre au fil des ans l?évolution des grands enjeux contemporains de cette région continentale et archipélagique de plus de 680 millions d?habitants, et d?en comprendre les dynamiques d?intégration régionale et de connectivités avec le reste du monde. L?Asie du Sud-Est 2023 propose une analyse synthétique et détaillée des principaux événements politiques et diplomatiques, ainsi que des évolutions économiques, sociales et environnementales de l?année 2022 dans chacun des onze pays de la région. Ce décryptage est complété pour chaque pays par un focus sur deux personnalités de l?année et une actualité marquante en image. L?ouvrage propose également cinq dossiers thématiques qui abordent des sujets traités à l?échelle régionale sud-est asiatique : les ressorts institutionnels de l?approche de santé intégrée One Health, le vieillissement de la population et sa prise en compte par les politiques publiques, les câbles sous-marins au c?ur de la connectivité sud-est asiatique, l?aménagement du bassin du Mékong et ses multiples acteurs, et les enjeux politiques et linguistiques des langues transnationales. Des outils pratiques sont également disponibles : une fiche et une chronologie par pays et un cahier des principaux indicateurs démographiques, sociaux, économiques et environnementaux. 517 $aAsie du Sud-Est 2023 606 $aAsian Studies 606 $aPolitical Science 606 $aASEAN 606 $ademographic dynamics 606 $ademography of Southeast Asia 606 $aOne Health 606 $ainfectious diseases 606 $aprevention 606 $asubmarine cables 606 $acommunications 606 $aMekong River 606 $adams 606 $ahydropolitics 606 $alanguage policies 606 $atransnational languages 606 $acoup d?État 606 $aelections 606 $aeconomic crisis 606 $aclimate change 606 $aChina 606 $ademocratic transition 606 $aANASE 606 $adémographie de l'Asie du Sud-Est 606 $adynamique démographique 606 $amaladies infectieuses 606 $aprévention 606 $acâbles sous-marins 606 $afleuve Mékong 606 $abarrages 606 $ahydropolitique 606 $apolitiques linguistiques 606 $alangues transnationales 606 $acoup d'État 606 $aélections 606 $acrise économique 606 $achangement climatique 606 $aChine 606 $atransition démocratique 615 4$aAsian Studies 615 4$aPolitical Science 615 4$aASEAN 615 4$ademographic dynamics 615 4$ademography of Southeast Asia 615 4$aOne Health 615 4$ainfectious diseases 615 4$aprevention 615 4$asubmarine cables 615 4$acommunications 615 4$aMekong River 615 4$adams 615 4$ahydropolitics 615 4$alanguage policies 615 4$atransnational languages 615 4$acoup d?État 615 4$aelections 615 4$aeconomic crisis 615 4$aclimate change 615 4$aChina 615 4$ademocratic transition 615 4$aANASE 615 4$adémographie de l'Asie du Sud-Est 615 4$adynamique démographique 615 4$amaladies infectieuses 615 4$aprévention 615 4$acâbles sous-marins 615 4$afleuve Mékong 615 4$abarrages 615 4$ahydropolitique 615 4$apolitiques linguistiques 615 4$alangues transnationales 615 4$acoup d'État 615 4$aélections 615 4$acrise économique 615 4$achangement climatique 615 4$aChine 615 4$atransition démocratique 700 $aBonnet$b François-Xavier$01246169 701 $aCabasset$b Christine$01288105 701 $aCompagnon$b Maurice$01363942 701 $aDarcy$b Grégoire$01363943 701 $aDelfolie$b David$01247473 701 $aEglinger$b Jean-Philippe$01288108 701 $aFacal$b Gabriel$0783434 701 $aFrécon$b Éric$0953383 701 $aGascon$b Tim$01363944 701 $aJournoud$b Pierre$01288110 701 $aLajaunie$b Claire$01302648 701 $aLasserre$b Frédéric$0429101 701 $aLuquin$b Elisabeth$01288112 701 $aMartin$b Adélaïde$01363945 701 $aMorand$b Serge$01075722 701 $aMorel$b Camille$01289506 701 $aMottet$b Éric$01288113 701 $aPeyronnie$b Karine$01234489 701 $aSalem-Gervais$b Nicolas$01363946 701 $aSamuel$b Jérôme$0705032 701 $aVienne$b Marie-Sybille de$01283899 801 0$bFR-FrMaCLE 906 $aBOOK 912 $a9910682577503321 996 $aL?Asie du Sud-Est 2023 : bilan, enjeux et perspectives$93385029 997 $aUNINA LEADER 02303nam 2200613 450 001 9910787928303321 005 20200520144314.0 010 $a0-7391-8069-X 035 $a(CKB)2670000000577523 035 $a(EBL)1864048 035 $a(SSID)ssj0001367837 035 $a(PQKBManifestationID)12565349 035 $a(PQKBTitleCode)TC0001367837 035 $a(PQKBWorkID)11445286 035 $a(PQKB)10557692 035 $a(Au-PeEL)EBL1864048 035 $a(CaPaEBR)ebr11027766 035 $a(CaONFJC)MIL664108 035 $a(OCoLC)896794246 035 $a(MiAaPQ)EBC1864048 035 $a(EXLCZ)992670000000577523 100 $a20150310h20142014 uy 0 101 0 $aeng 135 $aur|n|---||||| 181 $ctxt 182 $cc 183 $acr 200 00$aDistributive politics in developing countries $ealmost pork /$fedited by Mark Baskin and Michael L. Mezey 210 1$aLanham, Maryland :$cLexington Books,$d2014. 210 4$d©2014 215 $a1 online resource (279 p.) 300 $aDescription based upon print version of record. 311 $a0-7391-8068-1 311 $a1-322-32826-9 320 $aIncludes bibliographical references at the end of each chapters and index. 330 $aThis book explores the dynamics of distributive politics in developing democracies via a series of case studies of an emerging spending mechanism-constituency development funds (CDFs). It is germane to students of legislative studies, international development, comparative politics, and democratization.
606 $aIncome distribution$zDeveloping countries 606 $aDistributive justice$zDeveloping countries 606 $aEconomic development$zDeveloping countries 606 $aDemocracy$xEconomic aspects$zDeveloping countries 615 0$aIncome distribution 615 0$aDistributive justice 615 0$aEconomic development 615 0$aDemocracy$xEconomic aspects 676 $a339.209172/4 702 $aBaskin$b Mark 702 $aMezey$b Michael L. 801 0$bMiAaPQ 801 1$bMiAaPQ 801 2$bMiAaPQ 906 $aBOOK 912 $a9910787928303321 996 $aDistributive politics in developing countries$93786708 997 $aUNINA LEADER 01802nam 2200361 450 001 9910131205503321 005 20240207205610.0 010 $a1-4123-5984-8 035 $a(CKB)3680000000167365 035 $a(NjHacI)993680000000167365 035 $a(EXLCZ)993680000000167365 100 $a20240207d2000 uy 0 101 0 $afre 135 $aur||||||||||| 181 $ctxt$2rdacontent 182 $cc$2rdamedia 183 $acr$2rdacarrier 200 10$aDe la critique de la sociologie biologique a? l'autonomie de la morale $eitine?raire de Ce?lestin Bougle? /$fAlain Policar 210 1$aFrance :$cJehannot, Etienne & Petit, Jean,$d2000. 215 $a1 online resource 225 0 $aClassiques des sciences sociales. Les sciences sociales contemporaines 327 $aIntroduction Te?le?ologie versus me?canisme ou la sociologie comme psychologie sociale La ne?cessaire explication des faits de conscience La sociologie n'est pas une science naturelle De la spe?cificite? de la sociologie L'euge?nisme discre?dite? ou le triomphe de la de?mocratie Vacher de Lapouge : le social naturalise? La force de l'ide?al de?mocratique L'e?galite? : un impe?ratif moral Le solidarisme ou la conse?cration de la justice La notion de quasi-contrat L'inspiration proudhonienne Solidarisme et socialisme Conclusion : l'autonomie de la morale. 517 $aDe la critique de la sociologie biologique à l'autonomie de la morale 606 $aSocial psychology 615 0$aSocial psychology. 676 $a302 700 $aPolicar$b Alain$0942843 801 0$bNjHacI 801 1$bNjHacl 906 $aBOOK 912 $a9910131205503321 996 $aDe la critique de la sociologie biologique a? l'autonomie de la morale$93909787 997 $aUNINA